Supercharged Python/ (Record no. 171541)

MARC details
000 -LEADER
fixed length control field 00580nam a22001817a 4500
005 - DATE AND TIME OF LATEST TRANSACTION
control field 20200115115355.0
010 ## - LCCN (DPL NO)
LC control number ENG-127425
020 ## - INTERNATIONAL STANDARD BOOK NUMBER
International Standard Book Number 9789389552935
Terms of availability 800.00
035 ## - SYSTEM CONTROL NUMBER
System control number EN-110957
037 ## - SOURCE OF ACQUISITION
Source of stock number/acquisition DBAD/PUB
082 ## - DEWEY DECIMAL CLASSIFICATION NUMBER
Classification number 005.133
100 ## - MAIN ENTRY--PERSONAL NAME
Personal name Overland,Brian
245 ## - TITLE STATEMENT
Title Supercharged Python/
Statement of responsibility, etc by Brian Overland[and]John Bennett
260 ## - PUBLICATION, DISTRIBUTION, ETC. (IMPRINT)
Place of publication, distribution, etc NOIDA
Name of publisher, distributor, etc Pearson India Education Services
Date of publication, distribution, etc 2019
270 ## - ADDRESS
Address 15th floor,Tower-B,World Trade Tower,Plot No.1,Block-C,sector 16
City NOIDA
Postal code 201301
300 ## - PHYSICAL DESCRIPTION
Extent 633p.
Dimensions 22cm(pbk)
942 ## - ADDED ENTRY ELEMENTS (KOHA)
Source of classification or shelving scheme Dewey Decimal Classification
Item type English Books
Classification part 005.133
Call number suffix OVE
Holdings
Withdrawn status Lost status Not for loan Collection code Home library Current library Date acquired Source of acquisition Cost, normal purchase price Full call number Barcode Copy number Cost, replacement price Koha item type
      Non-fiction Ashok Vihar Ashok Vihar 15/01/2020 DBAD/PUB 800.00 005.133 OVE EN-110957 1 800.00 English Books

© Delhi Public Library
Hit Counter
free hit counter